| 000 | 02285cam a2200481 i 4500 | ||
|---|---|---|---|
| 001 | 1565065826 | ||
| 005 | 20260227110307.0 | ||
| 008 | 250904s2026 ie ab e 001 0 eng d | ||
| 020 |
_a9781838697440 _q(paperback) |
||
| 020 |
_a1838697446 _q(paperback) |
||
| 035 | _a(OCoLC)1565065826 | ||
| 035 | _a2773749 | ||
| 035 | _a(OCoLC)on1565065826 | ||
| 040 |
_aNZAUC _beng _erda _cNZAUC _dOCLCO _dJBZ _dOCLCO _dDPL |
||
| 043 | _an-us-ca | ||
| 082 | 0 | 4 |
_a917.940454 _223 |
| 092 |
_ageneral nonfiction _b917.94 Averbuck, Alexis, |
||
| 100 | 1 |
_aAverbuck, Alexis, _d1972- _eauthor. _96561550 |
|
| 245 | 1 | 0 |
_aLonely Planet: experience California / _cAlexis Averbuck, Alison Bing, Shawn Forno, Ryan Ver Berkmoes, Wendy Yanagihara. |
| 246 | 3 | _aExperience California. | |
| 246 | 3 | _aLonely Planet California | |
| 246 | 3 | 4 |
_aLonely Planet experience California : _bget away from the everyday. |
| 250 | _a2nd edition. | ||
| 264 | 1 |
_a[Dublin] : _bLonely Planet Global Library, _c2026. |
|
| 300 |
_a257 pages : _billustrations, maps ; _c18 cm + _e1 map (folded) |
||
| 336 | _atext | ||
| 336 | _astill image | ||
| 336 | _acartographic image | ||
| 337 | _aunmediated | ||
| 338 | _avolume | ||
| 338 | _asheet | ||
| 490 | 1 | _aLonely Planet experience. | |
| 500 | _aIncludes index. | ||
| 520 | _a"This latest edition of Lonely Planet's Experience California travel guide reveals exciting new ways to explore this iconic region with all the tools you need to create your own unique trip. Discover amazing local experiences from diving into endless summer at Santa Monica and Venice with its soul-stirring sunsets; to hiking through Yosemite, Sequoia and Kings Canyon National Parks; and ducking into the 19th-century ferry terminal in San Francisco for a showcase of top artisanal food producers"--Publisher's description. | ||
| 651 | 0 |
_aCalifornia _vGuidebooks. _96430876 |
|
| 655 | 7 |
_aGuidebooks. _2lcgft. _95689508 |
|
| 700 | 1 |
_aBing, Alison, _eauthor. |
|
| 700 | 1 |
_aForno, Shawn, _eauthor. _96561551 |
|
| 700 | 1 |
_aVer Berkmoes, Ryan, _eauthor. _95992855 |
|
| 700 | 1 |
_aYanagihara, Wendy, _eauthor. _96561552 |
|
| 830 | 0 |
_aLonely Planet experience. _96550210 |
|
| 942 |
_2ddc _cBOOK |
||
| 999 |
_c416754 _d416754 |
||